000 00802nam a2200253Ia 4500
008 191130s2003##################000#0#eng##
020 _a9783540021094
022 _a2003050354
040 _aACL
_cACL
082 _a535.2 DEN
100 _aDenz, Cornelia
245 _aTransverse-pattern formation in photorefractive optics
_cCornelia Denz, Michael Schwab, Carsten Weilnau
260 _aBerlin
_bSpringer
_cc2003
300 _axviii, 331 p. : ill. ; 25 cm
500 _aIncludes bibliographical references and index
650 _aNonlinear optics
650 _aPattern formation (Physical sciences)
650 _aPhotorefractive materials
700 _aSchwab, Michael
700 _aWeilnau, Carsten
990 _a16198c1cac10000c747783df80d914e6
991 _a270234
999 _c82482
_d82482